Welcome to WEB OPAC of MRSPTU Central Library

A textbook of automobile engineering (Record no. 5904)

MARC details
000 -LEADER
fixed length control field 00427nam a2200169Ia 4500
008 - FIXED-LENGTH DATA ELEMENTS--GENERAL INFORMATION
fixed length control field 230711s9999||||xx |||||||||||||| ||und||
020 ## - INTERNATIONAL STANDARD BOOK NUMBER
International Standard Book Number 81-7008-991-3
041 ## - LANGUAGE CODE
Language code of text/sound track or separate title ENG
082 ## - DEWEY DECIMAL CLASSIFICATION NUMBER
Classification number 629.2
Item number RA-A
100 ## - MAIN ENTRY--PERSONAL NAME
Personal name Rajput,R.K
245 #2 - TITLE STATEMENT
Title A textbook of automobile engineering
250 ## - EDITION STATEMENT
Edition statement 2nd Ed.
260 ## - PUBLICATION, DISTRIBUTION, ETC.
Date of publication, distribution, etc. 2015
Place of publication, distribution, etc. New Delhi
Name of publisher, distributor, etc. Laxmi Publications(P) Ltd
300 ## - PHYSICAL DESCRIPTION
Extent 984p.
650 ## - SUBJECT ADDED ENTRY--TOPICAL TERM
Topical term or geographic name entry element Mechanical Engineering
942 ## - ADDED ENTRY ELEMENTS (KOHA)
Koha item type Book
Holdings
Withdrawn status Lost status Damaged status Not for loan Collection Home library Current library Date acquired Cost, normal purchase price Inventory number Total checkouts Full call number Barcode Date last seen Price effective from Koha item type Date last checked out
          MRSPTU Central Library MRSPTU Central Library   725.00 742483   629.2 RA-A 31853 08/17/2023 08/17/2023 Book  
          MRSPTU Central Library MRSPTU Central Library   725.00 742483   629.2 RA-A 31854 08/17/2023 08/17/2023 Book  
          MRSPTU Central Library MRSPTU Central Library   725.00 742483 2 629.2 RA-A 31855 12/05/2025 08/17/2023 Book 09/18/2025
          MRSPTU Central Library MRSPTU Central Library   725.00 742483 2 629.2 RA-A 31856 02/08/2024 08/17/2023 Book 10/19/2023
          MRSPTU Central Library MRSPTU Central Library   725.00 742483 1 629.2 RA-A 31857 12/05/2025 08/17/2023 Book 11/12/2025
          MRSPTU Central Library MRSPTU Central Library   725.00 742483 2 629.2 RA-A 31858 12/05/2025 08/17/2023 Book 09/18/2025
          MRSPTU Central Library MRSPTU Central Library   725.00 742483 2 629.2 RA-A 31859 12/05/2025 08/17/2023 Book 11/12/2025
          MRSPTU Central Library MRSPTU Central Library   725.00 742483 2 629.2 RA-A 31860 12/05/2025 08/17/2023 Book 09/18/2025
          MRSPTU Central Library MRSPTU Central Library   725.00 742483   629.2 RA-A 31861 08/17/2023 08/17/2023 Book  
          MRSPTU Central Library MRSPTU Central Library   725.00 742483 3 629.2 RA-A 31862 08/18/2025 08/17/2023 Book 08/04/2025

Website Designed and Developed by MRSPTU Central Library Team

E-mail Id: librarian@mrsptu.ac.in